000 00813cas a22001935a 4500
001 L149462
008 070613c1963 xxkwr p 0 a0eng
022 1 _a1074-8105
035 _a(Sirsi) u149462
041 0 _aeng
245 _aEngineering Construction and Architectural Management
_h[electronic resource]
260 _aOxford
_bBlackwell Publishing Limited
_c2003-
520 _aCoverage of research in all areas of construction; building, civil engineering, major infrastructure and maintenance.
651 4 _aInternational
690 _aMANAGEMENT-DISPUTE AVOIDANCE, MANAGEMENT AND RESOLUTION-DISPUTE MANAGEMENT AND RESOLUTION-ARBITRATION
856 4 1 _uhttps://www.emeraldgrouppublishing.com/journal/ecam
_zAbstracts available free, full articles at a cost
942 _n0
_2ddc
948 _c08/03/2010
999 _c119262
_d119262